| 000 | 00445nam a2200181Ia 4500 | ||
|---|---|---|---|
| 005 | 20240823062632.0 | ||
| 008 | 240823s9999||||xx |||||||||||||| ||und|| | ||
| 041 | _aENGLISH | ||
| 082 | _A629.132323 N6 | ||
| 100 | _aYahya S M | ||
| 245 | 0 | _aFundamentals of Compressible Flow | |
| 250 | _a2nd | ||
| 260 |
_c1996 _b"New Age,New Delhi" |
||
| 500 | _aYES | ||
| 650 |
_aCompressible _bAeronautical Engineering |
||
| 942 | _cBK | ||
| 999 |
_c236348 _d236348 |
||